[Event "Wch Juvenil 2013 sub-14"]
[Site "Al-Ain UAE"]
[Date "2013.12.26"]
[Round "9.9"]
[White "Pranav, Vijay"]
[Black "Boldoo, Erdenepurev"]
[Result "1/2-1/2"]
[WhiteElo "2224"]
[BlackElo "2072"]
[PlyCount "85"]
[EventDate "2013.12.19"]
[EventType "swiss"]
[EventRounds "11"]
[EventCountry "UAE"]
[Source "lmi"]
[SourceDate "2013.12.19"]

1. d4 d5 2. c4 e6 3. g3 Bb4+ 4. Bd2 Be7 5. Nf3 Nf6 6. Bg2 O-O 7. O-O b6 8. Qc2
Bb7 9. cxd5 exd5 10. Bf4 c5 11. Nc3 Na6 12. Rad1 Nc7 13. dxc5 bxc5 14. Nh4 Ne6
15. Be5 Nd7 16. Bxd5 Bxd5 17. Rxd5 Bxh4 18. gxh4 Qe7 19. Bg3 Nb6 20. Rdd1 Nd4
21. Qc1 Nxe2+ 22. Nxe2 Qxe2 23. Rfe1 Qa6 24. Qxc5 Qxa2 25. Qd4 Qb3 26. Be5 f6
27. Bc7 Rac8 28. Re3 Qb5 29. Bxb6 axb6 30. Qd5+ Qxd5 31. Rxd5 Rfd8 32. Rxd8+
Rxd8 33. Re6 b5 34. Rb6 Rd5 35. Rb7 h5 36. Kg2 Kh7 37. b4 Kg6 38. Kg3 Rd3+ 39.
Kg2 Rd4 40. Rxb5 Rxh4 41. h3 Rc4 42. Rb7 Kf5 43. Rxg7 1/2-1/2

[Event "Wch Juvenil 2013 sub-14"]
[Site "Al-Ain UAE"]
[Date "2013.12.26"]
[Round "9.10"]
[White "Al Hamed, Saif Idrees"]
[Black "Mayed, Al-Rashedi"]
[Result "0-1"]
[WhiteElo "1558"]
[BlackElo "1820"]
[PlyCount "79"]
[EventDate "2013.12.19"]
[EventType "swiss"]
[EventRounds "11"]
[EventCountry "UAE"]
[Source "lmi"]
[SourceDate "2013.12.19"]

1. e4 c5 2. Nf3 g6 3. d4 cxd4 4. Nxd4 Bg7 5. c4 Nc6 6. Be3 Nf6 7. Nc3 d6 8. Be2
O-O 9. O-O Bd7 10. Qd2 Rc8 11. b3 Qa5 12. Rac1 Nxe4 13. Nxe4 Qxd2 14. Bxd2 Nxd4
15. Bd3 Bf5 16. Rfe1 Rfd8 17. Bf1 Kf8 18. Ng3 Be6 19. Be3 b6 20. Red1 Nc6 21.
Bd3 Nb4 22. a3 Nxd3 23. Rxd3 b5 24. cxb5 Rxc1+ 25. Bxc1 Rc8 26. Be3 Rc3 27.
Rxc3 Bxc3 28. Bxa7 Bxb3 29. b6 Bd5 30. Nf1 Ke8 31. Ne3 Bb7 32. Kf1 Kd7 33. Ke2
Kc6 34. Kd3 Ba5 35. Nc4 Ba6 36. Kd4 Bxc4 37. Kxc4 Bxb6 38. Bxb6 Kxb6 39. Kd5
Ka5 40. Kd4 0-1

[Event "Wch Juvenil 2013 sub-14"]
[Site "Al-Ain UAE"]
[Date "2013.12.26"]
[Round "9.10"]
[White "Nigmatov, Ortik"]
[Black "Martinez Alcantara, Jose Eduar"]
[Result "1-0"]
[WhiteElo "2023"]
[BlackElo "2301"]
[PlyCount "109"]
[EventDate "2013.12.19"]
[EventType "swiss"]
[EventRounds "11"]
[EventCountry "UAE"]
[Source "lmi"]
[SourceDate "2013.12.19"]

1. e4 c5 2. Nf3 Nc6 3. d4 cxd4 4. Nxd4 Qb6 5. Nb3 Nf6 6. Nc3 e6 7. Be3 Qc7 8.
Bd3 Be7 9. O-O O-O 10. f4 d6 11. Qf3 a6 12. Kh1 b6 13. Qg3 g6 14. h3 b5 15. Qf2
Rb8 16. Rad1 b4 17. Ne2 a5 18. f5 Ne5 19. Nbd4 Bd7 20. Bh6 Rfe8 21. fxe6 fxe6
22. Nf4 Qc8 23. Qg3 Kh8 24. Nf3 Nxf3 25. Rxf3 Qc5 26. Nxg6+ hxg6 27. Qxg6 Rg8
28. Qf7 Qh5 29. Qxe7 Qxh6 30. Qxf6+ Qxf6 31. Rxf6 Rbc8 32. e5 Bc6 33. Rh6+ Kg7
34. Rh7+ Kf8 35. Rf1+ Ke8 36. Rf2 dxe5 37. Rf6 Bd7 38. h4 a4 39. h5 e4 40. Bxe4
Rc4 41. Bg6+ Kd8 42. Kh2 Rh4+ 43. Kg3 Rh1 44. Rff7 Bc6 45. Rhg7 Rxg7 46. Rxg7
Bd5 47. b3 a3 48. Kg4 e5 49. Kg5 e4 50. h6 e3 51. h7 e2 52. Bh5 Rxh5+ 53. Kxh5
Bc6 54. h8=Q+ Be8+ 55. Kg4 1-0

[Event "Wch Juvenil 2013 sub-14"]
[Site "Al-Ain UAE"]
[Date "2013.12.26"]
[Round "9.11"]
[White "Baskin, Robert"]
[Black "Lorparizangeneh, Shahin"]
[Result "0-1"]
[WhiteElo "2190"]
[BlackElo "2270"]
[PlyCount "76"]
[EventDate "2013.12.19"]
[EventType "swiss"]
[EventRounds "11"]
[EventCountry "UAE"]
[Source "lmi"]
[SourceDate "2013.12.19"]

1. e4 e5 2. Nf3 Nc6 3. Bb5 a6 4. Ba4 b5 5. Bb3 Na5 6. d4 exd4 7. Qxd4 Ne7 8.
Bg5 f6 9. Be3 d6 10. Qd2 c5 11. Bd5 Nxd5 12. Qxd5 Bb7 13. Qh5+ g6 14. Qh4 Nc4
15. Nc3 Nxe3 16. fxe3 b4 17. Nd5 Bg7 18. Rd1 O-O 19. O-O Re8 20. Rd2 Re6 21.
Qg4 Bc8 22. Rfd1 Ra7 23. Qf4 Rf7 24. Rf2 Qf8 25. Rdf1 Bh6 26. Qg3 Bb7 27. Rd2
Rxe4 28. Kh1 Re6 29. Re1 Qe8 30. Nh4 Re5 31. c4 bxc3 32. Nxc3 Bxe3 33. Rxd6 Bf2
34. Rxe5 fxe5 35. Rxg6+ Kh8 36. Rg8+ Qxg8 37. Qxe5+ Qg7 38. Qe8+ Rf8 0-1

[Event "Wch Juvenil 2013 sub-14"]
[Site "Al-Ain UAE"]
[Date "2013.12.26"]
[Round "9.11"]
[White "Liebert, Erwin"]
[Black "Bennett, Rhys"]
[Result "0-1"]
[WhiteElo "1526"]
[BlackElo "1784"]
[PlyCount "74"]
[EventDate "2013.12.19"]
[EventType "swiss"]
[EventRounds "11"]
[EventCountry "UAE"]
[Source "lmi"]
[SourceDate "2013.12.19"]

1. e4 e5 2. Nf3 Nc6 3. Bb5 a6 4. Bxc6 dxc6 5. O-O Qd6 6. Na3 Be6 7. Qe2 f6 8.
c3 c5 9. Rd1 O-O-O 10. d3 Bg4 11. Be3 Qc6 12. Nc4 Bd6 13. a4 Ne7 14. Rdb1 f5
15. Na5 Qd7 16. b4 cxb4 17. cxb4 fxe4 18. dxe4 Rdf8 19. b5 Bxf3 20. gxf3 Qh3
21. bxa6 Rf6 22. axb7+ Kb8 23. Bg5 Rg6 24. f4 exf4 25. f3 Rxg5+ 26. Kh1 Rxa5
27. Rb5 Rxb5 28. Qxb5 Qxf3+ 29. Kg1 Qxe4 30. Rb1 Qd4+ 31. Kf1 Qd5 32. Qa6 Qf3+
33. Ke1 Qe3+ 34. Kf1 Qa7 35. Qc4 f3 36. Qg4 Qa6+ 37. Kg1 Qe2 0-1

[Event "Wch Juvenil 2013 sub-14"]
[Site "Al-Ain UAE"]
[Date "2013.12.26"]
[Round "9.12"]
[White "Boubendir, Hichem"]
[Black "Dolinar, Matic"]
[Result "0-1"]
[WhiteElo "1521"]
[BlackElo "1770"]
[PlyCount "58"]
[EventDate "2013.12.19"]
[EventType "swiss"]
[EventRounds "11"]
[EventCountry "UAE"]
[Source "lmi"]
[SourceDate "2013.12.19"]

1. e4 c5 2. Nf3 e6 3. c3 Nf6 4. e5 Nd5 5. d4 cxd4 6. cxd4 Nc6 7. Bc4 Nb6 8. Bb3
d6 9. exd6 Bxd6 10. O-O O-O 11. Bc2 Be7 12. Nc3 Nd5 13. Nxd5 Qxd5 14. Bf4 Rd8
15. Be3 Bf6 16. Qd3 g6 17. Bb3 Qd6 18. Rfd1 b6 19. a3 Bb7 20. Rd2 Na5 21. Bd1
Rac8 22. b3 Rd7 23. Be2 Rcd8 24. b4 Nc6 25. Rad1 Ne7 26. Ne1 Nf5 27. Nc2 Nh4
28. g3 Qd5 29. Ne1 Qh1# 0-1

[Event "Wch Juvenil 2013 sub-14"]
[Site "Al-Ain UAE"]
[Date "2013.12.26"]
[Round "9.12"]
[White "Shtembuliak, Evgeny"]
[Black "Papadopoulos, Argirios"]
[Result "1-0"]
[WhiteElo "2263"]
[BlackElo "2005"]
[PlyCount "159"]
[EventDate "2013.12.19"]
[EventType "swiss"]
[EventRounds "11"]
[EventCountry "UAE"]
[Source "lmi"]
[SourceDate "2013.12.19"]

1. Nf3 Nf6 2. g3 d5 3. Bg2 e6 4. O-O c5 5. c4 Nc6 6. cxd5 Nxd5 7. Nc3 Be7 8.
Nxd5 Qxd5 9. d3 O-O 10. Be3 Bd7 11. a3 Qd6 12. Rc1 Nd4 13. Nd2 Bc6 14. Bxc6
bxc6 15. Nc4 Qd5 16. Bxd4 cxd4 17. Qa4 Qb5 18. Qa5 Bd8 19. Qe1 a5 20. Rc2 Be7
21. Qc1 Rab8 22. Qf4 Bf6 23. Rb1 a4 24. Qf3 Qb3 25. Rcc1 Bg5 26. Re1 Qb5 27. h4
Be7 28. Rec1 Qd5 29. Kg2 f5 30. Nd2 Rfc8 31. Rc4 Qa5 32. Rc2 g5 33. hxg5 Bxg5
34. Nc4 Qd5 35. Kg1 Qxf3 36. exf3 Rb3 37. f4 Be7 38. Rd1 Kf7 39. Ne5+ Kf6 40.
Nxc6 Rb6 41. Rdc1 Rb3 42. Nxe7 Rxc2 43. Ng8+ Kg7 44. Rxc2 Kxg8 45. Rc4 Rxb2 46.
Rxd4 Rb3 47. Rxa4 Rxd3 48. Ra7 Rb3 49. a4 Ra3 50. a5 Kf8 51. a6 Kg8 52. Kg2 Ra1
53. Kf3 Ra3+ 54. Ke2 Kf8 55. Kd2 h5 56. Kc2 Ke8 57. Kb2 Ra5 58. Kb3 Kd8 59. Kb4
Ra2 60. Kc5 Kc8 61. Kd6 Kb8 62. Rb7+ Ka8 63. Rb6 Rxf2 64. Kxe6 h4 65. Kxf5 hxg3
66. Rg6 g2 67. Rg3 Ka7 68. Rg6 Rb2 69. Ke4 Rb6 70. Rxg2 Kxa6 71. f5 Kb7 72. Rc2
Rb1 73. Ke5 Re1+ 74. Kf6 Rf1 75. Ke6 Re1+ 76. Kf7 Rf1 77. f6 Re1 78. Kg7 Rf1
79. Rg2 Kc7 80. f7 1-0

[Event "Wch Juvenil 2013 sub-14"]
[Site "Al-Ain UAE"]
[Date "2013.12.26"]
[Round "9.13"]
[White "Bashirli, Nail Qoshqar"]
[Black "Song, Edward"]
[Result "0-1"]
[WhiteElo "1887"]
[BlackElo "2208"]
[PlyCount "74"]
[EventDate "2013.12.19"]
[EventType "swiss"]
[EventRounds "11"]
[EventCountry "UAE"]
[Source "lmi"]
[SourceDate "2013.12.19"]

1. e4 c5 2. Nf3 d6 3. d4 cxd4 4. Nxd4 Nf6 5. Nc3 a6 6. Bc4 e6 7. Bb3 Nbd7 8. f4
b5 9. O-O Bb7 10. Re1 Nc5 11. e5 dxe5 12. fxe5 Nxb3 13. axb3 Bc5 14. Be3 Nd5
15. Nxd5 Qxd5 16. Nf3 Bxe3+ 17. Rxe3 Qc5 18. Qd4 Qc7 19. Rc3 Qe7 20. Qd6 Rd8
21. Qb6 Bxf3 22. Rxf3 O-O 23. Rxa6 Qg5 24. Qxb5 Rd2 25. Qf1 Rxc2 26. Rxf7 Qe3+
27. Kh1 Rcc8 28. Rxf8+ Rxf8 29. Qd1 Qxb3 30. Rd6 Qxb2 31. Rxe6 Qb5 32. Kg1 Qc5+
33. Kh1 Qc4 34. Rf6 gxf6 35. exf6 Rxf6 36. Qd8+ Kg7 37. Qd7+ Rf7 0-1

[Event "Wch Juvenil 2013 sub-14"]
[Site "Al-Ain UAE"]
[Date "2013.12.26"]
[Round "9.14"]
[White "Turar, Dastan"]
[Black "Maghsoodloo, Parham"]
[Result "0-1"]
[WhiteElo "1890"]
[BlackElo "2199"]
[PlyCount "126"]
[EventDate "2013.12.19"]
[EventType "swiss"]
[EventRounds "11"]
[EventCountry "UAE"]
[Source "lmi"]
[SourceDate "2013.12.19"]

1. d4 Nf6 2. c4 e6 3. Nc3 Bb4 4. Nf3 O-O 5. e3 b6 6. Bd3 Bb7 7. O-O Bxc3 8.
bxc3 d6 9. Qc2 Nbd7 10. e4 e5 11. d5 Nc5 12. Be3 Bc8 13. h3 Nh5 14. g4 Nf4 15.
Bxf4 exf4 16. Kh2 Qe8 17. Nd4 Bd7 18. Rae1 f6 19. Qe2 Qe5 20. Kg2 Rae8 21. Bb1
Qg5 22. Kh2 Re7 23. f3 h5 24. Qg2 Kf7 25. Nf5 Bxf5 26. exf5 Re5 27. Rxe5 fxe5
28. Rg1 hxg4 29. Qxg4 Qxg4 30. hxg4 Rh8+ 31. Kg2 Na4 32. Bc2 Nxc3 33. a3 Ne2
34. Rb1 Kf6 35. Bd3 Nc3 36. Rc1 Na4 37. Bc2 Nc5 38. Re1 Kg5 39. Be4 Nb3 40. Re2
a6 41. Bb1 Nd4 42. Rb2 b5 43. cxb5 axb5 44. a4 bxa4 45. Rb7 Rc8 46. Kf2 a3 47.
Ba2 g6 48. fxg6 Kxg6 49. Ra7 Rb8 50. Rxa3 Rb2+ 51. Kf1 Nxf3 52. Rxf3 Rxa2 53.
Rc3 Ra7 54. Kf2 Kg5 55. Kf3 Rb7 56. Ke4 Kxg4 57. Rb3 Rb6 58. Rc3 Rb4+ 59. Kd3
e4+ 60. Ke2 Rb2+ 61. Kf1 e3 62. Ke1 Kf3 63. Rxc7 Rb1+ 0-1

[Event "Wch Juvenil 2013 sub-14"]
[Site "Al-Ain UAE"]
[Date "2013.12.26"]
[Round "9.15"]
[White "Dolana, Andrei-Theodor"]
[Black "Baterdene, Tsogbayar"]
[Result "1-0"]
[WhiteElo "2210"]
[BlackElo "1816"]
[PlyCount "98"]
[EventDate "2013.12.19"]
[EventType "swiss"]
[EventRounds "11"]
[EventCountry "UAE"]
[Source "lmi"]
[SourceDate "2013.12.19"]

1. e4 c5 2. c3 d5 3. exd5 Qxd5 4. d4 Nf6 5. Nf3 Bg4 6. dxc5 Qxd1+ 7. Kxd1 Nc6
8. b4 a5 9. b5 Ne5 10. Be2 Bxf3 11. gxf3 e6 12. Be3 Rc8 13. Bd4 Ned7 14. c6
bxc6 15. bxc6 Rxc6 16. Bb5 Rd6 17. Nd2 Rd5 18. Bc6 Rd6 19. Bb5 Rd5 20. Bc6 Rd6
21. Ba4 Rd5 22. Rb1 Rg8 23. Rb8+ Ke7 24. Ra8 g6 25. Bc6 Rd6 26. Bxd7 Nxd7 27.
Nc4 Rd5 28. Kc2 e5 29. Re1 f6 30. f4 Kf7 31. fxe5 fxe5 32. Nxe5+ Nxe5 33. Rxe5
Rxe5 34. Bxe5 Bc5 35. Rxg8 Kxg8 36. Bd4 Bd6 37. h3 Kf7 38. Kb3 Bc7 39. Ka4 h5
40. Kb5 Ke6 41. Bb6 Be5 42. c4 g5 43. f3 h4 44. c5 Kd5 45. Bxa5 Bd4 46. Bb6 Be5
47. a4 Ke6 48. c6 Kd6 49. a5 Kd5 1-0

[Event "Wch Juvenil 2013 sub-14"]
[Site "Al-Ain UAE"]
[Date "2013.12.26"]
[Round "9.16"]
[White "Gokerkan, Cem Kaan"]
[Black "Santos Ruiz, Miguel"]
[Result "0-1"]
[WhiteElo "1960"]
[BlackElo "2307"]
[PlyCount "114"]
[EventDate "2013.12.19"]
[EventType "swiss"]
[EventRounds "11"]
[EventCountry "UAE"]
[Source "lmi"]
[SourceDate "2013.12.19"]

1. e4 e6 2. d4 d5 3. Nc3 Nf6 4. Bg5 Bb4 5. e5 h6 6. Bd2 Bxc3 7. bxc3 Ne4 8. Qg4
Kf8 9. Bd3 Nxd2 10. Kxd2 c5 11. Nf3 cxd4 12. cxd4 Qa5+ 13. Ke2 b6 14. Qf4 Ba6
15. g4 Qa4 16. Ke3 Nc6 17. g5 Bxd3 18. cxd3 Ne7 19. Rhc1 Nf5+ 20. Ke2 hxg5 21.
Qxg5 Nxd4+ 22. Nxd4 Qxd4 23. Rc7 Qh4 24. Qxh4 Rxh4 25. Rac1 Ra4 26. Rb7 Rxa2+
27. Ke3 Kg8 28. Rcc7 Rf8 29. Rxa7 Rxa7 30. Rxa7 Rb8 31. Kd4 g6 32. Ra2 Kg7 33.
Rb2 b5 34. Rb4 g5 35. Kc5 Rh8 36. Kxb5 Rxh2 37. Rg4 Kg6 38. f4 Kf5 39. Rxg5+
Kxf4 40. Rg7 Kxe5 41. Rxf7 Rh3 42. Kc6 Rxd3 43. Rh7 Rc3+ 44. Kd7 Re3 45. Rh5+
Kd4 46. Kd6 Kc4 47. Rh8 d4 48. Rc8+ Kd3 49. Ra8 Re4 50. Kc5 Ke3 51. Rh8 d3 52.
Rh3+ Kd2 53. Rh2+ Kc1 54. Rh1+ Kc2 55. Rg1 d2 56. Rg2 Kc1 57. Rg1+ d1=Q 0-1

[Event "Wch Juvenil 2013 sub-14"]
[Site "Al-Ain UAE"]
[Date "2013.12.26"]
[Round "9.17"]
[White "Perske, Thore"]
[Black "Kololli, Martin"]
[Result "1-0"]
[WhiteElo "2164"]
[BlackElo "2045"]
[PlyCount "147"]
[EventDate "2013.12.19"]
[EventType "swiss"]
[EventRounds "11"]
[EventCountry "UAE"]
[Source "lmi"]
[SourceDate "2013.12.19"]

1. e4 e5 2. Nf3 Nc6 3. Bb5 a6 4. Ba4 Nf6 5. O-O Be7 6. Re1 b5 7. Bb3 d6 8. c3
O-O 9. h3 Nb8 10. d4 Nbd7 11. Nbd2 Bb7 12. Bc2 Re8 13. a4 Bf8 14. Bd3 g6 15.
axb5 exd4 16. cxd4 axb5 17. Rxa8 Bxa8 18. e5 dxe5 19. dxe5 Nxe5 20. Nxe5 Rxe5
21. Rxe5 Qxd3 22. Qb3 Qd6 23. Qxb5 Bc6 24. Qe2 Bxg2 25. Kxg2 Qc6+ 26. Qf3 Qxc1
27. Qxf6 Qxd2 28. Re3 Qd5+ 29. Qf3 Qg5+ 30. Qg4 Qd5+ 31. Qe4 Qg5+ 32. Rg3 Qf6
33. b3 Bd6 34. Rf3 Qg5+ 35. Qg4 Qd5 36. Qc4 Qg5+ 37. Kf1 Qe7 38. Re3 Qf6 39. b4
h5 40. b5 Kg7 41. Qd5 Qa1+ 42. Kg2 Qf6 43. Rf3 Qe7 44. Qd4+ Qe5 45. Qxe5+ Bxe5
46. Rd3 g5 47. Kf3 f5 48. Ke3 h4 49. f3 Kf6 50. Rd8 Ke6 51. Rg8 Bf4+ 52. Kd4
Be5+ 53. Kc4 Bf4 54. Kc5 Bd6+ 55. Kc6 Bf4 56. Re8+ Kf7 57. Kd7 Bg3 58. Re7+ Kf6
59. Ke8 Bd6 60. Rf7+ Kg6 61. Rd7 Be5 62. Ke7 g4 63. fxg4 fxg4 64. Ke6 Bg3 65.
hxg4 h3 66. Rd5 h2 67. Rh5 Kg7 68. Kf5 Bd6 69. Ke4 Kf6 70. Kf3 Kg6 71. Kg2 Bf4
72. Kh1 Bg3 73. Rh3 Bf4 74. Rxh2 1-0

[Event "Wch Juvenil 2013 sub-14"]
[Site "Al-Ain UAE"]
[Date "2013.12.26"]
[Round "9.18"]
[White "Markocic, Tine"]
[Black "Lopez Mulet, Iñigo"]
[Result "0-1"]
[WhiteElo "1853"]
[BlackElo "2151"]
[PlyCount "65"]
[EventDate "2013.12.19"]
[EventType "swiss"]
[EventRounds "11"]
[EventCountry "UAE"]
[Source "lmi"]
[SourceDate "2013.12.19"]

1. e4 e6 2. Nf3 d5 3. Nc3 Nf6 4. e5 Nfd7 5. d4 c5 6. dxc5 Nc6 7. Bf4 Bxc5 8.
Bd3 f6 9. Qe2 fxe5 10. Nxe5 Ndxe5 11. Bxe5 Nxe5 12. Qxe5 Qf6 13. Bb5+ Bd7 14.
Bxd7+ Kxd7 15. Qe2 a6 16. O-O b5 17. Rad1 Bd6 18. Qd3 Rhf8 19. Qe3 Qe5 20. Qh3
Qf5 21. Qe3 Rf6 22. Qb6 Rb8 23. Qa7+ Bc7 24. Qxa6 Rh6 25. f4 Qg4 26. Rf3 Rg6
27. Rg3 Qxf4 28. Ne2 Qe5 29. Nd4 Rb6 30. Qa3 Qe4 31. Rxg6 hxg6 32. Qf8 Qe5 33.
Rf1 0-1

[Event "Wch Juvenil 2013 sub-14"]
[Site "Al-Ain UAE"]
[Date "2013.12.26"]
[Round "9.19"]
[White "Manukyan, Artyom"]
[Black "Litvinov, Maxim"]
[Result "0-1"]
[WhiteElo "1890"]
[BlackElo "2144"]
[PlyCount "60"]
[EventDate "2013.12.19"]
[EventType "swiss"]
[EventRounds "11"]
[EventCountry "UAE"]
[Source "lmi"]
[SourceDate "2013.12.19"]

1. e4 d6 2. d4 Nf6 3. Nc3 e5 4. dxe5 dxe5 5. Qxd8+ Kxd8 6. Bg5 Be6 7. O-O-O+
Nbd7 8. Nf3 Kc8 9. a3 Bd6 10. h3 Nc5 11. Nd2 a6 12. Bxf6 gxf6 13. Nc4 Bf8 14.
Kb1 h5 15. Be2 h4 16. Ne3 c6 17. Bg4 b5 18. Nf5 a5 19. Bf3 b4 20. axb4 axb4 21.
Ne2 Kc7 22. b3 Bxf5 23. exf5 e4 24. Bg4 Bd6 25. Kc1 Rhd8 26. c3 Nd3+ 27. Kb1
Be5 28. Rhf1 bxc3 29. Nc1 Ra1+ 30. Kc2 Nb4# 0-1

[Event "Wch Juvenil 2013 sub-14"]
[Site "Al-Ain UAE"]
[Date "2013.12.26"]
[Round "9.20"]
[White "Asgharzadeh, M.Reza"]
[Black "Loh, Zachary"]
[Result "1/2-1/2"]
[WhiteElo "2143"]
[BlackElo "2036"]
[PlyCount "100"]
[EventDate "2013.12.19"]
[EventType "swiss"]
[EventRounds "11"]
[EventCountry "UAE"]
[Source "lmi"]
[SourceDate "2013.12.19"]

1. d4 Nf6 2. c4 g6 3. Nc3 d5 4. Nf3 Bg7 5. Bf4 O-O 6. Rc1 dxc4 7. e3 Be6 8. Ng5
Bd5 9. e4 h6 10. exd5 hxg5 11. Bxg5 Nxd5 12. Bxc4 Nxc3 13. bxc3 c5 14. O-O cxd4
15. cxd4 Qxd4 16. Bxe7 Qxd1 17. Rfxd1 Re8 18. Bg5 Nc6 19. h4 Nd4 20. Kf1 Rac8
21. Bd5 b6 22. g4 a5 23. Be3 Rxc1 24. Rxc1 Rd8 25. Be4 b5 26. h5 f5 27. Bg5 Rd7
28. gxf5 gxf5 29. Bd3 Kh7 30. Rc5 Bh6 31. Rxf5 Kg7 32. Bf6+ Kg8 33. Rc5 Ne6 34.
Rc3 Bd2 35. Rc8+ Kf7 36. Bxb5 Rc7 37. Rd8 Nxd8 38. Bxd8 Rc5 39. Be2 a4 40. Bb6
Rc1+ 41. Kg2 a3 42. Bd4 Bh6 43. Bf3 Ke6 44. Kg3 Rc4 45. Bh8 Kd6 46. Bd1 Rc1 47.
Bb3 Rg1+ 48. Kh4 Rh1+ 49. Kg4 Rg1+ 50. Kh4 Rh1+ 1/2-1/2

[Event "Wch Juvenil 2013 sub-14"]
[Site "Al-Ain UAE"]
[Date "2013.12.26"]
[Round "9.21"]
[White "Tomczak, Mikolaj"]
[Black "Zhao, Juncheng"]
[Result "1/2-1/2"]
[WhiteElo "2133"]
[BlackElo "1963"]
[PlyCount "118"]
[EventDate "2013.12.19"]
[EventType "swiss"]
[EventRounds "11"]
[EventCountry "UAE"]
[Source "lmi"]
[SourceDate "2013.12.19"]

1. e4 e6 2. Nf3 d5 3. e5 c5 4. b4 b6 5. c3 Nd7 6. a3 a5 7. b5 c4 8. d4 cxd3 9.
Bxd3 Qc7 10. Qe2 g6 11. Be3 Bg7 12. Bd4 Ne7 13. Nbd2 Nf5 14. h4 Bb7 15. h5 Nc5
16. Bc2 Ne4 17. Rc1 Bh6 18. hxg6 fxg6 19. g4 Nxd4 20. cxd4 Bxd2+ 21. Nxd2 Qc3
22. Qd3 Qxd2+ 23. Qxd2 Nxd2 24. Kxd2 O-O 25. Rh2 Rf7 26. Rch1 Rg7 27. Bd3 Rf8
28. Ke3 Rc8 29. f4 Rc3 30. a4 h5 31. Rg1 hxg4 32. Rxg4 Kf7 33. Rh6 Ra3 34. Rh8
Rg8 35. Rxg8 Kxg8 36. Rxg6+ Kf7 37. Rh6 Bc8 38. Rh8 Bd7 39. Rb8 Rxa4 40. Rxb6
Rb4 41. Rb7 Ke8 42. Ra7 a4 43. Ra8+ Ke7 44. Ra7 Kd8 45. Kd2 Kc8 46. Kc2 Kd8 47.
Ra6 Kc7 48. f5 exf5 49. e6 Bxb5 50. Ra7+ Kd6 51. e7 Bxd3+ 52. Kxd3 Rb8 53. Ke3
Re8 54. Kf4 Rxe7 55. Rxa4 Re4+ 56. Kxf5 Kc6 57. Rb4 Rh4 58. Ke5 Rh5+ 59. Ke6
Rh6+ 1/2-1/2

[Event "Wch Juvenil 2013 sub-14"]
[Site "Al-Ain UAE"]
[Date "2013.12.26"]
[Round "9.22"]
[White "Nikitenko, Mihail"]
[Black "Mamyrbay, Assad"]
[Result "1/2-1/2"]
[WhiteElo "2125"]
[BlackElo "1904"]
[PlyCount "127"]
[EventDate "2013.12.19"]
[EventType "swiss"]
[EventRounds "11"]
[EventCountry "UAE"]
[Source "lmi"]
[SourceDate "2013.12.19"]

1. e4 c5 2. Nf3 d6 3. d4 cxd4 4. Nxd4 Nf6 5. Nc3 a6 6. Bg5 Nbd7 7. f4 Qc7 8.
Qf3 h6 9. Bh4 g5 10. fxg5 hxg5 11. Bxg5 Qc5 12. Be3 Ne5 13. Qe2 Neg4 14. Bg1
Bh6 15. a3 Qg5 16. Nf3 Qa5 17. g3 Be6 18. Bg2 Rc8 19. Qd3 b5 20. h3 Ne5 21.
Nxe5 dxe5 22. b4 Qc7 23. Bc5 Bc4 24. Qf3 Nd7 25. Bf2 Be6 26. Ne2 Qxc2 27. O-O
Qb3 28. Qxb3 Bxb3 29. g4 Bc4 30. Rfe1 Bd2 31. Red1 Bg5 32. Ng3 Bb3 33. Re1 Rc2
34. Be3 Bxe3+ 35. Rxe3 Bc4 36. Nf5 f6 37. Rd1 Nf8 38. Ng7+ Kf7 39. Nh5 Be6 40.
Kh2 Nd7 41. Kg3 Nb6 42. Rf3 Rg8 43. Rdd3 Nc4 44. Rc3 Re2 45. Rfd3 Rc8 46. Bf3
Ra2 47. h4 Nd6 48. Rc5 Nc4 49. g5 Rxa3 50. Rxa3 Nxa3 51. Rxc8 Bxc8 52. gxf6
exf6 53. Bd1 Bb7 54. Kf3 Nc4 55. Ng3 Nd6 56. Ke3 Kg6 57. Bh5+ Kh6 58. Be2 Bc8
59. Bf3 Bb7 60. Be2 Kg7 61. Nh5+ Kg6 62. Ng3 Kf7 63. Bh5+ Ke7 64. Bg6 1/2-1/2

[Event "Wch Juvenil 2013 sub-14"]
[Site "Al-Ain UAE"]
[Date "2013.12.26"]
[Round "9.23"]
[White "Graif, William"]
[Black "Meunier, Clement"]
[Result "0-1"]
[WhiteElo "1851"]
[BlackElo "2113"]
[PlyCount "136"]
[EventDate "2013.12.19"]
[EventType "swiss"]
[EventRounds "11"]
[EventCountry "UAE"]
[Source "lmi"]
[SourceDate "2013.12.19"]

1. Nf3 Nf6 2. b3 b5 3. Bb2 e6 4. e3 a6 5. a4 b4 6. Bd3 c5 7. O-O Bb7 8. c3 Nc6
9. Bc2 d5 10. cxb4 cxb4 11. d3 Bd6 12. Nbd2 e5 13. e4 d4 14. Nh4 Bc8 15. Nc4
Bc7 16. Qf3 g6 17. Bd1 Bg4 18. Qg3 Bxd1 19. Raxd1 Nh5 20. Qg4 Nf4 21. g3 h5 22.
Qf3 Ne6 23. Bc1 Nc5 24. Qe2 Nxb3 25. Qc2 Nba5 26. Nxa5 Nxa5 27. Bg5 b3 28. Qc1
Qd7 29. Bf6 Rg8 30. Qg5 Qg4 31. Qh6 Qe6 32. Qg5 Qg4 33. Qxg4 hxg4 34. Rc1 Ra7
35. Rc5 Kd7 36. Bxe5 Nc6 37. Bxd4 Nxd4 38. Rd5+ Ke6 39. Rxd4 Rb8 40. Rb1 Be5
41. Rc4 Rd7 42. f4 gxf3 43. Rc6+ Ke7 44. Nxf3 Bg7 45. Ne1 a5 46. Kf1 b2 47. Ke2
Rb4 48. Rc4 Rxc4 49. dxc4 Rd4 50. e5 Rxc4 51. Rxb2 Rxa4 52. Nd3 Bxe5 53. Rb7+
Kf6 54. Nxe5 Re4+ 55. Kf3 Rxe5 56. Ra7 Rb5 57. h4 Rb3+ 58. Kg2 Ra3 59. Kh3 a4
60. Kg4 Ra1 61. Ra6+ Kg7 62. Ra7 a3 63. Ra6 a2 64. Ra8 Kh7 65. Kg5 f6+ 66. Kg4
Kg7 67. Ra5 Kh6 68. Ra6 f5+ 0-1

[Event "Wch Juvenil 2013 sub-14"]
[Site "Al-Ain UAE"]
[Date "2013.12.26"]
[Round "9.24"]
[White "Panchanatham, Vignesh"]
[Black "Zisiadis, Dimitrios"]
[Result "0-1"]
[WhiteElo "2111"]
[BlackElo "1827"]
[PlyCount "96"]
[EventDate "2013.12.19"]
[EventType "swiss"]
[EventRounds "11"]
[EventCountry "UAE"]
[Source "lmi"]
[SourceDate "2013.12.19"]

1. e4 c5 2. Nf3 d6 3. d4 cxd4 4. Nxd4 Nf6 5. Nc3 e5 6. Nb3 a6 7. Be3 Be6 8. f3
h5 9. Qd2 Nbd7 10. O-O-O Rc8 11. Kb1 b5 12. g3 Be7 13. Nd5 Nxd5 14. exd5 Bf5
15. Bd3 Bxd3 16. Qxd3 O-O 17. h4 Qc7 18. g4 hxg4 19. fxg4 Qc4 20. Qd2 Qxg4 21.
h5 Kh7 22. Rhg1 Qe4 23. Rde1 Nf6 24. Rxg7+ Kh8 25. Bh6 Qf3 26. Rgg1 Rg8 27. Bg5
Ne4 28. Rxe4 Bxg5 29. Qe1 f5 30. Re2 Bf4 31. Rf1 Qxd5 32. Qh4 Bg5 33. Qh3 Rcf8
34. a3 f4 35. Nd2 Qf7 36. Qf3 Be7 37. Qc6 Ra8 38. Ne4 Qc4 39. Qxc4 bxc4 40. Rd2
Rad8 41. Rfd1 Rgf8 42. Nxd6 Bxd6 43. Rxd6 Rxd6 44. Rxd6 f3 45. Rd1 e4 46. Kc1
e3 47. Rh1 f2 48. Kd1 f1=Q+ 0-1

[Event "Wch Juvenil 2013 sub-14"]
[Site "Al-Ain UAE"]
[Date "2013.12.26"]
[Round "9.25"]
[White "Muthaiah, Al"]
[Black "Liao, Yu Hao"]
[Result "1-0"]
[WhiteElo "2092"]
[BlackElo "1770"]
[PlyCount "69"]
[EventDate "2013.12.19"]
[EventType "swiss"]
[EventRounds "11"]
[EventCountry "UAE"]
[Source "lmi"]
[SourceDate "2013.12.19"]

1. Nf3 Nf6 2. d4 g6 3. g3 Bg7 4. Bg2 O-O 5. O-O d6 6. c4 c6 7. Nc3 Qa5 8. h3 e5
9. e4 Nbd7 10. Be3 b5 11. cxb5 cxb5 12. dxe5 dxe5 13. Nd2 Ba6 14. Nb3 Qc7 15.
Rc1 Qd8 16. Qd6 Nb8 17. Rfd1 Qxd6 18. Rxd6 b4 19. Nd5 Nxd5 20. Rxd5 Bb7 21. Rd6
a5 22. Nc5 Bc8 23. Bf1 Re8 24. Bb5 Rf8 25. Kh2 Kh8 26. b3 h6 27. Rcd1 f5 28.
Rxg6 fxe4 29. Ne6 Bxe6 30. Rxe6 Kh7 31. Rc1 Rf7 32. Rc8 Rf8 33. Rc7 Kh8 34.
Bxh6 Rxf2+ 35. Kg1 1-0

[Event "Wch Juvenil 2013 sub-14"]
[Site "Al-Ain UAE"]
[Date "2013.12.26"]
[Round "9.27"]
[White "Licheli, Luka"]
[Black "Viswanadha, Kesav"]
[Result "1-0"]
[WhiteElo "1759"]
[BlackElo "2169"]
[PlyCount "79"]
[EventDate "2013.12.19"]
[EventType "swiss"]
[EventRounds "11"]
[EventCountry "UAE"]
[Source "lmi"]
[SourceDate "2013.12.19"]

1. e4 c5 2. Nc3 Nc6 3. g3 g6 4. Bg2 Bg7 5. d3 d6 6. Be3 e6 7. Qd2 Nge7 8. Bh6
Bxh6 9. Qxh6 Nd4 10. Qd2 O-O 11. f4 e5 12. fxe5 dxe5 13. Nf3 f6 14. Nd1 Nec6
15. Ne3 Be6 16. O-O Qd7 17. b3 Nxf3+ 18. Rxf3 b5 19. Raf1 Kg7 20. Qf2 Qd8 21.
g4 Nd4 22. Rg3 b4 23. Qe1 a5 24. Bf3 a4 25. Bd1 Kh8 26. Rg2 Nb5 27. Qg3 h6 28.
g5 hxg5 29. h4 Qc7 30. hxg5 f5 31. exf5 gxf5 32. Rh2+ Kg7 33. g6 Rh8 34. Nxf5+
Bxf5 35. Rxf5 Rxh2 36. Rf7+ Kg8 37. Rxc7 Rd2 38. Qh3 Rxd1+ 39. Kg2 Rd2+ 40. Kg3
1-0